[Event "Olimpiade 2014 - Open"]
[Site "Tromsø"]
[Date "12.08.2014"]
[Round "10.56"]
[Board "3"]
[White "Chahrour, Ibrahim"]
[Black "Belachew, Yimam Abera"]
[Result "1-0"]
[WhiteTitle "FM"]
[BlackTitle "FM"]
[WhiteElo "2170"]
[BlackElo "2194"]
[WhiteTeam "Lebanon"]
[BlackTeam "Ethiopia"]
[WhiteFideId "5301653"]
[BlackFideId "15700046"]
[EventDate "2014.08.02"]

1. e4 e5 2. Nf3 Nc6 3. d4 exd4 4. Bc4 Be7 5. c3 d6 6. Qb3 Ne5 7. Nxe5 dxe5 8.
Bxf7+ Kf8 9. cxd4 Qxd4 10. Nc3 Nf6 11. Be3 Qb4 12. O-O-O a5 13. f3 Bd7 14. g4 h6
15. h4 Be8 16. Be6 Qxb3 17. axb3 Bf7 18. Bxf7 Kxf7 19. Rhg1 c6 20. g5 hxg5 21.
hxg5 Ne8 22. Na4 Rh3 23. Nb6 Rd8 24. Nc4 Rxd1+ 25. Kxd1 Ke6 26. Ke2 Rh2+ 27. Kd3
Bb4 28. Ra1 Nd6 29. Nxd6 Kxd6 30. Rb1 c5 31. f4 b5 32. f5 Rh3 33. Rd1 Ke7 34.
Ke2 Rh2+ 35. Bf2 c4 36. Rd5 cxb3 37. Rxe5+ Kd6 38. Rxb5 Kc6 39. Rb6+ Kc7 40. Rb5
Kc6 41. Rb6+ Kd7 42. Rxb4 axb4 43. Kf3 Ke8 44. Bd4 Kf8 45. g6 Rc2 46. Kf4 Rc8
47. Ke5 Rc2 48. Kd5 Kg8 49. e5 Rc8 50. f6 Kh8 51. Bc5 Rb8 52. Kc4 Re8 53. f7 Rf8
54. e6 Rc8 55. f8=Q+ Rxf8 56. Bxf8 Kg8 57. e7 1-0

[Event "Olimpiade 2014 - Open"]
[Site "Tromsø"]
[Date "12.08.2014"]
[Round "10.57"]
[Board "1"]
[White "Elarbi, Abobker"]
[Black "Lodhi, Mahmood"]
[Result "1/2-1/2"]
[WhiteTitle "FM"]
[BlackTitle "IM"]
[WhiteElo "2283"]
[BlackElo "2335"]
[WhiteTeam "Libya"]
[BlackTeam "Pakistan"]
[WhiteFideId "9200355"]
[BlackFideId "7800010"]
[EventDate "2014.08.02"]

1. e4 e5 2. Nf3 Nc6 3. d4 exd4 4. Nxd4 Bc5 5. Nxc6 Qf6 6. Qd2 dxc6 7. Bd3 Be6 8.
O-O O-O-O 9. Qg5 Qxg5 10. Bxg5 f6 11. Bd2 Ne7 12. Kh1 Kb8 13. Bc3 Nc8 14. Nd2
Nb6 15. b3 Bd4 16. Bxd4 Rxd4 17. Rfd1 c5 18. Nf3 Rd7 19. Be2 Rhd8 20. Rxd7 Rxd7
21. Rd1 Rxd1+ 22. Bxd1 c4 23. Nd4 cxb3 24. cxb3 Bd7 25. b4 a5 26. bxa5 Nc4 27.
Nb3 Ba4 28. Kg1 Bxb3 29. axb3 Nxa5 30. f4 c5 31. Kf2 Kc7 32. Ke3 Kd6 33. Kd3 b5
34. Kc3 Nc6 35. Be2 Nd4 36. Bd3 h6 37. b4 Kc6 38. h4 Kb6 39. e5 fxe5 40. fxe5
Nc6 41. bxc5+ Kxc5 42. e6 b4+ 43. Kb2 Kd6 44. Kb3 Kxe6 45. Be4 Nd4+ 46. Kxb4 Ke5
47. Bb7 Nf5 48. h5 Kf4 49. Kc5 Kg5 50. Kd5 Kxh5 51. Ke5 Kg5 52. Be4 g6 53. Bd3
h5 54. Be4 h4 55. Bf3 Ng3 56. Bd1 Nh1 57. Bf3 Nf2 58. Be2 Ng4+ 59. Ke4 Nh6 60.
Kf3 Nf5 61. Bd3 Nd4+ 62. Ke4 Nc6 63. Be2 Ne7 64. Bf3 Nf5 65. Bd1 Ng7 66. Kf3 Ne6
67. Ke4 Nf4 68. Kf3 Nd3 69. Ke3 Ne5 70. Ke4 Kf6 71. Be2 g5 72. Bh5 Ng6 73. Bd1
Nf4 74. Kf3 Nd3 75. Ba4 Ne5+ 76. Ke4 Ng4 77. Kf3 Nh2+ 78. Ke3 Ke5 79. Bd7 g4 80.
Bc8 g3 81. Bh3 Kf6 82. Kf4 Nf1 83. Bc8 Nd2 84. Bb7 Nc4 85. Bd5 Ne5 86. Be4 Nf7
87. Bf5 Nd8 88. Bd7 Nb7 89. Bb5 Nc5 90. Bc4 Ne4 91. Kg4 Ke5 92. Kxh4 Kf4 93. Bd3
Nf2 94. Be2 Nh1 95. Bf3 Ke3 96. Bb7 Kf2 97. Kh3 Kf1 98. Bc6 Ke2 99. Bb7 Ke3 100.
Kg4 Ke2 101. Bc6 Kf2 102. Kh3 Kg1 103. Bb7 Kf2 104. Bc6 1/2-1/2

[Event "Olimpiade 2014 - Open"]
[Site "Tromsø"]
[Date "12.08.2014"]
[Round "10.58"]
[Board "1"]
[White "Jones, Richard S."]
[Black "Banlock, Benjamin Didier"]
[Result "1-0"]
[WhiteTitle "IM"]
[WhiteElo "2414"]
[BlackElo "2054"]
[WhiteTeam "Wales"]
[BlackTeam "Cameroon"]
[WhiteFideId "1800833"]
[BlackFideId "15800059"]
[EventDate "2014.08.02"]

1. d4 Nf6 2. c4 g6 3. Nc3 Bg7 4. e4 d6 5. Be2 O-O 6. Bg5 c5 7. d5 Qa5 8. Bd2 Qb6
9. Nf3 Bg4 10. O-O Na6 11. Rb1 Rfc8 12. a3 Qd8 13. h3 Bd7 14. b4 b6 15. Bd3 Nc7
16. Qe2 e5 17. Kh2 Nh5 18. g3 Qe8 19. Nh4 Bf6 20. Nf5 Bxf5 21. exf5 Ng7 22. Ne4
Qe7 23. g4 gxf5 24. gxf5 Kh8 25. Rg1 Nce8 26. Qg4 h5 27. Qg2 Qf8 28. Nxf6 Nxf6
29. Bh6 Kh7 30. Bxg7 1-0

[Event "Olimpiade 2014 - Open"]
[Site "Tromsø"]
[Date "12.08.2014"]
[Round "10.58"]
[Board "2"]
[White "Agbor Ebot, John"]
[Black "Kett, Tim"]
[Result "0-1"]
[WhiteElo "1931"]
[BlackElo "2244"]
[WhiteTeam "Cameroon"]
[BlackTeam "Wales"]
[WhiteFideId "16400216"]
[BlackFideId "1801210"]
[EventDate "2014.08.02"]

1. d4 Nf6 2. Nf3 g6 3. c4 Bg7 4. Nc3 O-O 5. Bf4 d6 6. e3 Nbd7 7. Be2 c6 8. O-O
Qe8 9. Bg3 e5 10. Re1 Qe7 11. Qc2 Re8 12. Rad1 h6 13. c5 dxc5 14. Bxe5 Nxe5 15.
Nxe5 cxd4 16. exd4 Bf5 17. Qb3 Be6 18. Bc4 Bxc4 19. Qxc4 Rad8 20. Re2 Qe6 21.
Qa4 Nd5 22. Rde1 Qf5 23. Nxd5 Rxd5 24. Qxa7 c5 25. Qa4 Re6 26. Qa8+ Kh7 27. Qxb7
Rxd4 28. Nf3 Rxe2 29. Rxe2 Rb4 30. Qe7 Rxb2 31. h3 c4 32. Nh4 Rxe2 33. Qxe2 Qb1+
34. Kh2 c3 35. Qc4 c2 36. Nf3 c1=Q 37. Qxf7 Qf5 0-1

[Event "Olimpiade 2014 - Open"]
[Site "Tromsø"]
[Date "12.08.2014"]
[Round "10.58"]
[Board "4"]
[White "Makem, Pierre"]
[Black "Jameson, David"]
[Result "1-0"]
[WhiteTitle "CM"]
[WhiteElo "1928"]
[BlackElo "2125"]
[WhiteTeam "Cameroon"]
[BlackTeam "Wales"]
[WhiteFideId "11000805"]
[BlackFideId "1801538"]
[EventDate "2014.08.02"]

1. Nf3 Nc6 2. d4 d5 3. e3 Nf6 4. c4 e6 5. a3 Be7 6. Bd3 O-O 7. O-O Re8 8. b4 a5
9. b5 dxc4 10. Bxc4 Nb8 11. Nc3 c5 12. Bb2 Nbd7 13. Na4 Nb6 14. Bd3 cxd4 15.
Nxb6 Qxb6 16. Bxd4 Bc5 17. Bxf6 gxf6 18. Qc2 Bd7 19. Bxh7+ Kg7 20. Bd3 Bxb5 21.
Bc4 Bc6 22. Rfb1 Qc7 23. Nd4 Bxd4 24. exd4 Rh8 25. h3 Qf4 26. Rb3 Rh5 27. Rg3+
Rg5 28. Qc1 Qh4 29. Qe3 Rg8 30. Re1 Kh8 31. Kh2 Kh7 32. Be2 Rxg3 33. fxg3 Qg5
34. Bd3+ Kh6 35. Qf2 f5 36. h4 Qg7 37. Qf4+ Kh7 38. Re5 Kh8 39. Bxf5 exf5 40.
Rxf5 Qg6 41. Qe5+ f6 42. Rxf6 1-0

[Event "Olimpiade 2014 - Open"]
[Site "Tromsø"]
[Date "12.08.2014"]
[Round "10.59"]
[Board "1"]
[White "Hj, Azahari Siti Nur Fatimah"]
[Black "Galappaththi, Chinthaka Anuruddh"]
[Result "0-1"]
[BlackTitle "CM"]
[WhiteElo "1985"]
[BlackElo "2125"]
[WhiteTeam "Brunei"]
[BlackTeam "Sri Lanka"]
[WhiteFideId "10500359"]
[BlackFideId "9900438"]
[EventDate "2014.08.02"]

1. e4 e6 2. d4 d5 3. Nd2 Nf6 4. e5 Nfd7 5. Bd3 c5 6. c3 Nc6 7. Ne2 Qb6 8. Nf3
cxd4 9. cxd4 f6 10. exf6 Nxf6 11. O-O Bd6 12. Bf4 Qc7 13. g3 O-O 14. Rc1 Nh5 15.
Bxd6 Qxd6 16. Ng5 Nf6 17. Re1 h6 18. Nf3 Ng4 19. Nf4 Rxf4 20. gxf4 Qxf4 21. h3
Nf6 22. Kg2 Bd7 23. Bg6 Rf8 24. Qd2 Qxd2 25. Nxd2 Nxd4 26. Rc7 Bc6 27. a4 a5 28.
Nb1 Ne4 29. Bxe4 dxe4 30. Kf1 Nf3 31. Re3 Nd4 32. Nc3 Nf5 33. Re1 e3 34. Rxc6
bxc6 35. fxe3 Nxe3+ 36. Ke2 Nd5 37. Ne4 Rf4 38. Nc5 e5 39. Rg1 Kf7 40. b3 Rb4
41. Rg3 g5 42. Rf3+ Ke7 43. Rf1 e4 44. Rh1 Kd6 45. Rc1 h5 46. Kf2 g4 47. hxg4
hxg4 48. Kg3 e3 49. Na6 Rxb3 50. Kxg4 e2 51. Re1 Ne3+ 52. Kg5 Rb2 53. Rc1 Nd1 0-1

[Event "Olimpiade 2014 - Open"]
[Site "Tromsø"]
[Date "12.08.2014"]
[Round "10.59"]
[Board "2"]
[White "Perera, W C C"]
[Black "Izzuddin, Zain"]
[Result "1-0"]
[WhiteTitle "CM"]
[WhiteElo "2081"]
[BlackElo "1933"]
[WhiteTeam "Sri Lanka"]
[BlackTeam "Brunei"]
[WhiteFideId "9902600"]
[BlackFideId "10500677"]
[EventDate "2014.08.02"]

1. d4 Nf6 2. c4 c5 3. d5 b5 4. cxb5 a6 5. b6 e6 6. Nc3 Nxd5 7. Nxd5 exd5 8. Qxd5
Nc6 9. Nf3 Rb8 10. e4 Be7 11. Bc4 O-O 12. O-O Rxb6 13. Bd2 Nb4 14. Qh5 d6 15.
Bc3 Be6 16. Bxe6 fxe6 17. Qg4 e5 18. Qe6+ Kh8 19. Rad1 Rf6 20. Qc4 Qc8 21. a3
Nc6 22. Ng5 Qg8 23. Qd3 Rg6 24. Nh3 Qe6 25. f4 Qg4 26. Rd2 Nd4 27. Kh1 Qd7 28.
Qc4 Rf6 29. f5 Rf8 30. Qd5 Qb7 31. Qxb7 Rxb7 32. g4 h6 33. Rg2 Rb3 34. Ng1 Rfb8
35. Nf3 Bd8 36. Nd2 R3b7 37. Nc4 Be7 38. h4 Rf8 39. g5 h5 40. Rgf2 Rd7 41. Nb6
Rb7 42. Nd5 Nb5 43. f6 gxf6 44. gxf6 Bd8 45. Rf5 Nxc3 46. bxc3 Rh7 47. Ne7 Rh6
48. Rg1 1-0

[Event "Olimpiade 2014 - Open"]
[Site "Tromsø"]
[Date "12.08.2014"]
[Round "10.59"]
[Board "3"]
[White "Kamis, Kamarunsalehin"]
[Black "Alahakoon, Isuru"]
[Result "0-1"]
[WhiteElo "1977"]
[BlackElo "2120"]
[WhiteTeam "Brunei"]
[BlackTeam "Sri Lanka"]
[WhiteFideId "10500170"]
[BlackFideId "9900993"]
[EventDate "2014.08.02"]

1. d4 Nf6 2. c4 g6 3. Nc3 Bg7 4. e4 d6 5. f3 O-O 6. Be3 Nbd7 7. Qd2 c5 8. Nge2
cxd4 9. Nxd4 Re8 10. Be2 b6 11. O-O Bb7 12. Rab1 Rc8 13. Rfc1 a6 14. b4 e6 15.
b5 a5 16. Nc6 Bxc6 17. bxc6 Rxc6 18. Nb5 d5 19. Na7 Rc7 20. Nb5 Rc6 21. Na7 Rc5
22. Bxc5 Nxc5 23. cxd5 exd5 24. Bb5 dxe4 25. Qxd8 Rxd8 26. fxe4 Nfxe4 27. Nc6
Rd6 28. Rd1 Nd2 29. Ne7+ Kf8 30. Nc8 Rd8 31. Rxd2 Rxd2 32. a4 Ne4 33. h3 Bd4+
34. Kh1 Nc3 35. Rc1 Nxb5 36. axb5 Bc5 37. Na7 a4 38. g4 a3 39. Ra1 a2 40. Nc6
Rb2 0-1

[Event "Olimpiade 2014 - Open"]
[Site "Tromsø"]
[Date "12.08.2014"]
[Round "10.59"]
[Board "4"]
[White "Kalugampitiya, R S"]
[Black "Hj, Azahari Md Aliuddin"]
[Result "0-1"]
[WhiteElo "2121"]
[BlackElo "2030"]
[WhiteTeam "Sri Lanka"]
[BlackTeam "Brunei"]
[WhiteFideId "9901124"]
[BlackFideId "10500324"]
[EventDate "2014.08.02"]

1. d4 Nf6 2. c4 c5 3. d5 b5 4. cxb5 a6 5. bxa6 g6 6. g3 Bxa6 7. Bg2 d6 8. Nf3
Nbd7 9. O-O Nb6 10. Nc3 Bg7 11. Re1 O-O 12. e4 Nfd7 13. Qc2 Qc7 14. b3 Rfb8 15.
a4 Qb7 16. h4 Ne5 17. Nxe5 Bxe5 18. f4 Bd4+ 19. Be3 Nd7 20. Rab1 Qb6 21. Kh2 Qa5
22. Bd2 Qb6 23. Nd1 Nf6 24. Bf3 Bc8 25. Ne3 Qc7 26. Kg2 Qd7 27. Rh1 h5 28. Nc4
Ng4 29. Be1 Ba6 30. Bxg4 Qxg4 31. Bf2 Rb4 32. Be1 Rb7 33. Bf2 Rab8 34. Qd3 Rb4
35. Bxd4 cxd4 36. Kf2 Bxc4 37. bxc4 Rb2+ 38. Rxb2 Rxb2+ 39. Kg1 Re2 40. Rh2 Re3
41. Qf1 Rf3 42. Rf2 Rxg3+ 43. Rg2 d3 0-1

[Event "Olimpiade 2014 - Open"]
[Site "Tromsø"]
[Date "12.08.2014"]
[Round "10.60"]
[Board "1"]
[White "Sanches, Romario"]
[Black "Kobler, Mario"]
[Result "1-0"]
[WhiteTitle "CM"]
[WhiteElo "2083"]
[BlackElo "2113"]
[WhiteTeam "Surinam"]
[BlackTeam "Liechtenstein"]
[WhiteFideId "8200211"]
[BlackFideId "12000094"]
[EventDate "2014.08.02"]

1. c4 Nf6 2. Nc3 d5 3. cxd5 Nxd5 4. g3 g6 5. Bg2 Nxc3 6. bxc3 c5 7. Rb1 Qc7 8.
Qa4+ Nd7 9. e3 Bg7 10. Ne2 O-O 11. O-O c4 12. Qb4 Ne5 13. Ba3 Re8 14. f4 Nd3 15.
Qb5 Rd8 16. Nd4 Bxd4 17. cxd4 Rb8 18. Bd5 Rxd5 19. Qxd5 Bh3 20. f5 Bxf1 21. Rxf1
Qc6 22. Qa5 Qe4 23. Qc7 Re8 24. fxg6 hxg6 25. Qxc4 Ne5 26. Qb5 Nc6 27. Qb3 e6
28. Qxb7 f5 29. Rc1 Na5 30. Qxe4 fxe4 31. Rc5 Nb7 32. Rc7 Nd8 33. Rxa7 Nf7 34.
Bb4 Rc8 35. h4 Rc1+ 36. Kg2 Re1 37. Re7 e5 38. d5 g5 39. d6 gxh4 40. gxh4 Re2+
41. Kf1 Rh2 42. d7 Rxh4 43. Rxf7 1-0

[Event "Olimpiade 2014 - Open"]
[Site "Tromsø"]
[Date "12.08.2014"]
[Round "10.60"]
[Board "2"]
[White "Mannhart, Marcel"]
[Black "Matoewi, Roger"]
[Result "1-0"]
[WhiteTitle "CM"]
[BlackTitle "FM"]
[WhiteElo "2105"]
[BlackElo "2121"]
[WhiteTeam "Liechtenstein"]
[BlackTeam "Surinam"]
[WhiteFideId "12000108"]
[BlackFideId "8200084"]
[EventDate "2014.08.02"]

1. Nc3 c5 2. e4 Nc6 3. Bb5 e6 4. Bxc6 bxc6 5. d3 Rb8 6. Nge2 d5 7. O-O Nf6 8. b3
Be7 9. Re1 O-O 10. Ng3 d4 11. Na4 e5 12. Qe2 Bg4 13. f3 Be6 14. Rf1 Rb7 15. Bd2
Rb5 16. Nb2 Qd7 17. Rae1 Rb7 18. Bc1 Ne8 19. Na4 Rb5 20. Kh1 Bh4 21. Ba3 Be7 22.
Bc1 Bh4 23. Rd1 Nc7 24. Nb2 Rb7 25. Nc4 Bxc4 26. dxc4 Bxg3 27. hxg3 Qe6 28. Rde1
Re8 29. Qd3 Na6 30. a3 Nb8 31. Bd2 Qg6 32. Kh2 Rbe7 33. Rh1 Nd7 34. g4 Nf8 35.
Kg1 Ne6 36. g3 Nf8 37. Kg2 Qd6 38. Rh5 Re6 39. Reh1 Rg6 40. Rb1 Rge6 41. b4 cxb4
42. axb4 Rb8 43. c5 Qd7 44. Ra1 Rb7 45. Rhh1 Re8 46. Ra6 Ne6 47. Rha1 Rc8 48.
R6a5 Rcc7 49. Be1 Qe7 50. Rd1 Rd7 51. Kf2 Nf8 52. Qc4 Rdc7 53. Rd3 Ne6 54. Bd2
Rd7 55. Qa2 h6 56. Ra6 Rdc7 57. Qc4 Kh7 58. Rda3 Kg8 59. Ra1 Kh7 60. R6a5 Kg8
61. Rh1 Rd7 62. Ra6 Rbc7 63. Rh5 Qf6 64. Rf5 Qd8 65. Rxe5 d3 66. c3 Qf6 67. Rf5
Qe7 68. Rh5 Qf6 69. Ra1 Nf8 70. Re1 Qg6 71. Re3 Rd8 72. Re1 Rcd7 73. Rd1 Nh7 74.
Bf4 Nf6 75. Rh4 Ne8 76. Rd2 Qf6 77. Rh1 Qg6 78. Rhd1 Qf6 79. Rxd3 Rxd3 80. Rxd3
Rxd3 81. Qxd3 Qe6 82. c4 Qf6 83. b5 g5 84. Bd2 cxb5 85. cxb5 Qb2 86. Ke3 Qe5 87.
Bb4 Qxg3 88. Kd4 Qf2+ 89. Kd5 Qa2+ 90. Qc4 Nc7+ 91. Kd4 Ne6+ 92. Kc3 Qa1+ 93.
Kd2 Qb2+ 94. Kd1 Qb1+ 95. Kd2 Qb2+ 96. Ke1 Nf4 97. Bd2 Qb1+ 98. Kf2 Qb2 99. Qc3
Qxb5 100. Bxf4 gxf4 101. c6 Qb6+ 102. Ke2 Qa6+ 103. Ke1 Qb6 104. c7 Qg1+ 105.
Kd2 Qf2+ 106. Kc1 Qf1+ 107. Kb2 Qb5+ 108. Kc2 Qe2+ 109. Kc1 Qf1+ 110. Kd2 Qf2+
111. Kd3 Qxf3+ 112. Kd4 Qf2+ 113. Ke5 f6+ 114. Kf5 1-0

[Event "Olimpiade 2014 - Open"]
[Site "Tromsø"]
[Date "12.08.2014"]
[Round "10.60"]
[Board "3"]
[White "Gajadin, Dewperkash"]
[Black "Frick, Renato"]
[Result "0-1"]
[WhiteTitle "FM"]
[WhiteElo "2087"]
[BlackElo "2057"]
[WhiteTeam "Surinam"]
[BlackTeam "Liechtenstein"]
[WhiteFideId "8200041"]
[BlackFideId "12000027"]
[EventDate "2014.08.02"]

1. e4 c5 2. c3 Nf6 3. e5 Nd5 4. d4 e6 5. Nf3 cxd4 6. cxd4 Nc6 7. Nc3 Nxc3 8.
bxc3 d6 9. exd6 Bxd6 10. Bd3 Qc7 11. O-O O-O 12. Re1 e5 13. h3 h6 14. Bd2 Be6
15. Qc1 Rae8 16. Qc2 exd4 17. cxd4 Bd5 18. Be4 Rxe4 19. Rxe4 f5 20. Ree1 Qf7 21.
Qd1 Rd8 22. Be3 Bb4 23. Bd2 Bxf3 24. Qxf3 Bxd2 25. Red1 Nxd4 26. Qd3 Nc6 27. Qe2
Bg5 28. Rxd8+ Bxd8 29. Rd1 Bb6 30. Qc2 Nd4 31. Qc8+ Kh7 32. a4 Qb3 33. Re1 Qb2
34. Qxb7 Nc2 35. Re7 Qa1+ 36. Kh2 Bxf2 0-1

[Event "Olimpiade 2014 - Open"]
[Site "Tromsø"]
[Date "12.08.2014"]
[Round "10.60"]
[Board "4"]
[White "Guller, Andras"]
[Black "Giasi, Viresh"]
[Result "1/2-1/2"]
[WhiteTitle "CM"]
[WhiteElo "2042"]
[BlackElo "1929"]
[WhiteTeam "Liechtenstein"]
[BlackTeam "Surinam"]
[WhiteFideId "12000078"]
[BlackFideId "8200165"]
[EventDate "2014.08.02"]

1. e4 c5 2. Nf3 d6 3. d4 cxd4 4. Qxd4 a6 5. c4 Nc6 6. Qd2 g6 7. b3 Bg7 8. Bb2
Nf6 9. Nc3 O-O 10. h3 Qa5 11. Bd3 Rb8 12. O-O b5 13. cxb5 axb5 14. Rfe1 Nd7 15.
Rad1 Nde5 16. Nxe5 dxe5 17. Bb1 e6 18. Ne2 Qb6 19. Qe3 Qxe3 20. fxe3 b4 21. Rd6
Bb7 22. Nc1 Rfd8 23. Red1 Rxd6 24. Rxd6 Rd8 25. Rxd8+ Nxd8 26. a3 bxa3 27. Bxa3
Bf8 28. Bxf8 Kxf8 29. Kf2 Ke7 30. Ke2 f6 31. h4 Nf7 32. Na2 Kd6 33. b4 h5 34.
Bd3 g5 35. g3 g4 36. Nc3 Nh6 37. Kf2 Ng8 38. Ke2 Ne7 39. Kf2 Nc6 40. Na2 Na7 41.
Nc3 Nc8 42. Ke2 Bc6 43. Kf2 Kc7 44. Bc4 Bd7 45. Ke2 Nd6 46. Bd3 Kb6 47. Kd2 Bc6
48. Ke2 Nb5 49. Na4+ Kc7 50. Nc5 Kd6 51. Kd2 Nc7 1/2-1/2

[Event "Olimpiade 2014 - Open"]
[Site "Tromsø"]
[Date "12.08.2014"]
[Round "10.61"]
[Board "1"]
[White "De Mey, Juan Pablo"]
[Black "Ranaivoharisoa, Alain"]
[Result "1-0"]
[WhiteTitle "FM"]
[BlackTitle "IM"]
[WhiteElo "1937"]
[BlackElo "2183"]
[WhiteTeam "Aruba"]
[BlackTeam "Madagascar"]
[WhiteFideId "15900312"]
[BlackFideId "13100025"]
[EventDate "2014.08.02"]

1. e4 c5 2. Nf3 d6 3. b3 Nf6 4. Nc3 e5 5. Bb5+ Nbd7 6. O-O Be7 7. a4 O-O 8. Re1
a6 9. Bf1 Re8 10. h3 Nf8 11. d3 Bd7 12. Nh2 Ng6 13. a5 Qc8 14. Be2 Bd8 15. Bg5
Be6 16. Bf3 Nd7 17. Bd2 Nb8 18. g4 Nc6 19. Ne2 Bc7 20. Rf1 Qd8 21. Qe1 Rc8 22.
Bg2 d5 23. Ng3 Nf4 24. Nf3 g6 25. Ra2 h6 26. Kh1 Kh7 27. Qc1 Rg8 28. Nxe5 Nxg2
29. Nxc6 bxc6 30. Kxg2 f5 31. Bf4 fxg4 32. hxg4 Bxf4 33. Qxf4 Rf8 34. Qe3 d4 35.
Qd2 Qf6 36. f4 Bxg4 37. Raa1 Rc7 38. Rf2 Rg7 39. Rh1 Qe6 40. Rxh6+ Kg8 41. f5
Qf7 42. f6 Rh7 43. Qg5 Rxh6 44. Qxh6 Qh7 45. Qxh7+ Kxh7 46. e5 Be6 47. Ne4 Bd5
48. Kg3 1-0

[Event "Olimpiade 2014 - Open"]
[Site "Tromsø"]
[Date "12.08.2014"]
[Round "10.61"]
[Board "2"]
[White "Rajaonarison, Faniry"]
[Black "Seijp V/d, Quintin"]
[Result "1-0"]
[WhiteTitle "CM"]
[WhiteElo "2112"]
[BlackElo "1883"]
[WhiteTeam "Madagascar"]
[BlackTeam "Aruba"]
[WhiteFideId "13100424"]
[BlackFideId "15900428"]
[EventDate "2014.08.02"]

1. e4 e6 2. d3 d5 3. Nd2 c5 4. g3 Nc6 5. Bg2 Nf6 6. Ngf3 Be7 7. O-O O-O 8. Re1
Qc7 9. c3 b6 10. Nf1 Rd8 11. e5 Nd7 12. d4 Ba6 13. Bg5 Nf8 14. Rc1 Bxg5 15. Nxg5
Qe7 16. Nf3 cxd4 17. Qa4 Bxf1 18. Kxf1 Rac8 19. Nxd4 Qd7 20. Qa6 Ng6 21. Nf3 Qc7
22. Qe2 Nce7 23. b3 d4 24. c4 Rd7 25. Rcd1 Qc5 26. h4 Rcd8 27. h5 Nf8 28. Ng5 d3
29. Qf3 Nf5 30. Qf4 h6 31. Ne4 Qa3 32. g4 Nd4 33. g5 hxg5 34. Qxg5 Nh7 35. Nf6+
Nxf6 36. exf6 Qf8 37. Rxd3 Nf5 38. Rxd7 Rxd7 39. Be4 Nh6 40. Re3 Nf5 41. Bxf5
exf5 42. Re8 1-0

[Event "Olimpiade 2014 - Open"]
[Site "Tromsø"]
[Date "12.08.2014"]
[Round "10.61"]
[Board "3"]
[White "Pesqueira, Jose"]
[Black "Rakotomaharo, Fy Antenaina"]
[Result "0-1"]
[WhiteTitle "CM"]
[BlackTitle "CM"]
[WhiteElo "1969"]
[BlackElo "2253"]
[WhiteTeam "Aruba"]
[BlackTeam "Madagascar"]
[WhiteFideId "15900037"]
[BlackFideId "13100050"]
[EventDate "2014.08.02"]

1. d4 d5 2. Nf3 Nf6 3. Bf4 c5 4. e3 Nc6 5. c3 Qb6 6. Qb3 c4 7. Qxb6 axb6 8. Nbd2
b5 9. Be2 b4 10. O-O Bf5 11. Nh4 Be6 12. Rfc1 h6 13. Nhf3 Bf5 14. Ne1 e6 15. a3
bxc3 16. bxc3 b5 17. f3 Kd7 18. Nc2 Bxc2 19. Rxc2 Rxa3 20. Rxa3 Bxa3 21. Ra2 Bd6
22. Bxd6 Kxd6 23. e4 Nd7 24. Kf2 Rb8 25. Ke3 b4 26. cxb4 Rxb4 27. Rc2 Nb6 28.
e5+ Kd7 29. f4 Na4 30. Nf3 Rb3+ 31. Kd2 Nb4 32. Rc1 Rb2+ 33. Kd1 Na2 34. Rc2
N2c3+ 35. Kd2 Rxc2+ 0-1

[Event "Olimpiade 2014 - Open"]
[Site "Tromsø"]
[Date "12.08.2014"]
[Round "10.61"]
[Board "4"]
[White "Rakotoniaina, Antsiva"]
[Black "Croes, Octavio"]
[Result "1-0"]
[BlackTitle "CM"]
[WhiteElo "2014"]
[BlackElo "1892"]
[WhiteTeam "Madagascar"]
[BlackTeam "Aruba"]
[WhiteFideId "13100173"]
[BlackFideId "1007220"]
[EventDate "2014.08.02"]

1. e4 c5 2. Nf3 d6 3. d4 cxd4 4. c3 dxc3 5. Nxc3 Nc6 6. Bc4 Nf6 7. e5 dxe5 8.
Qxd8+ Nxd8 9. Nb5 Be6 10. Nc7+ Kd7 11. Nxe6 Nxe6 12. Nxe5+ Kc8 13. Nxf7 Nd4 14.
O-O b5 15. Bd3 Rg8 16. Be3 Nc6 17. Rac1 Kb7 18. Bxb5 Nd8 19. Nxd8+ Rxd8 20. Bc6+
Kb8 21. Bf4+ e5 22. Bxe5+ Bd6 23. f4 Ne8 24. Rf3 Nc7 25. Rb3+ Kc8 26. Bd5 Bxe5
27. Be6+ Rd7 28. fxe5 Rd8 29. Rd3 g6 30. b4 Kb8 1-0

[Event "Olimpiade 2014 - Open"]
[Site "Tromsø"]
[Date "12.08.2014"]
[Round "10.62"]
[Board "1"]
[White "Efimov, Igor"]
[Black "Samhouri, Bilal"]
[Result "1/2-1/2"]
[WhiteTitle "GM"]
[BlackTitle "FM"]
[WhiteElo "2408"]
[BlackElo "2256"]
[WhiteTeam "Monaco"]
[BlackTeam "Jordan"]
[WhiteFideId "806404"]
[BlackFideId "8100942"]
[EventDate "2014.08.02"]

1. d4 Nf6 2. c4 c5 3. d5 b5 4. cxb5 a6 5. bxa6 g6 6. g3 d6 7. Bg2 Bxa6 8. Nf3
Bg7 9. Nc3 O-O 10. O-O Nbd7 11. Qc2 Qa5 12. Rd1 Nb6 13. Bd2 Nc4 14. Be1 Rfb8 15.
b3 Na3 16. Qc1 Nb5 17. e3 Bb7 18. e4 Ng4 19. Nxb5 Qxb5 20. Bc3 Bxc3 21. Qxc3 Qe2
22. Rd2 Qxe4 23. Re1 Qf5 24. Rxe7 Rxa2 25. Rxa2 Qb1+ 26. Qe1 Qxa2 27. h3 Nh6 28.
Ng5 Qxb3 29. Nxf7 Nxf7 30. Rxf7 Bxd5 31. Rd7 Bf7 32. Qd2 Rf8 33. Qxd6 c4 34. Rc7
Qb5 35. Qd4 Qf5 36. Bf1 Qb1 37. Kg2 Qb8 38. Rxc4 Rd8 39. Qf6 Qb7+ 40. Kh2 Rd1
41. Bg2 Qb8 42. Ra4 Rd6 43. Qe7 Re6 44. Qc5 Qd6 45. Qc3 Qe5 46. Qd2 Kg7 47. Rd4
Rf6 48. Re4 Qd6 49. Qxd6 Rxd6 50. g4 Rf6 51. Kg3 Bd5 52. Re7+ Rf7 53. Re3 Bxg2
54. Kxg2 g5 55. Kg3 h6 56. f3 Ra7 57. h4 Ra4 58. Re5 Kf6 59. Rb5 Rc4 60. Rb6+
Kg7 61. Rb7+ Kf6 62. h5 Rc6 63. Rh7 Ke5 64. Rf7 Ke6 65. Rf5 Ra6 66. Kf2 Ra3 67.
Rf8 Ke5 68. Re8+ Kd5 69. Kg3 Rb3 70. Rh8 Rb6 71. f4 gxf4+ 72. Kxf4 Rf6+ 73. Kg3
Ke6 74. Rh7 Ke5 75. Kh4 Ke6 76. Rg7 Ke5 77. g5 Rf4+ 78. Kg3 Rf5 1/2-1/2

[Event "Olimpiade 2014 - Open"]
[Site "Tromsø"]
[Date "12.08.2014"]
[Round "10.62"]
[Board "2"]
[White "Mansour, Sameer"]
[Black "Villegas, Pierre"]
[Result "1/2-1/2"]
[WhiteTitle "FM"]
[BlackTitle "FM"]
[WhiteElo "2249"]
[BlackElo "2323"]
[WhiteTeam "Jordan"]
[BlackTeam "Monaco"]
[WhiteFideId "8100144"]
[BlackFideId "654183"]
[EventDate "2014.08.02"]

1. Nf3 Nf6 2. c4 b6 3. g3 c5 4. Bg2 Bb7 5. Nc3 g6 6. O-O Bg7 7. d4 cxd4 8. Qxd4
d6 9. Rd1 Nbd7 10. Be3 Rc8 11. Rac1 a6 12. b3 O-O 13. Qh4 Rc7 14. Bg5 Rc5 15. b4
Rc8 16. Nd5 b5 17. Nxf6+ exf6 18. Be3 Qe7 19. cxb5 axb5 20. Qd4 Rxc1 21. Rxc1
Qe6 22. Qa7 Bxf3 23. Bxf3 Ne5 24. Qb7 Nxf3+ 25. exf3 Qxa2 26. Qxb5 f5 27. Rd1
Bc3 28. Qb6 Qb3 29. Rxd6 Qxb4 30. Qxb4 Bxb4 31. Rb6 1/2-1/2